Central Library OPAC University of Rajshahi
Normal view MARC view

Entry Uniform Title

Number of records used in: 4

001 - CONTROL NUMBER

  • control field: 16910

003 - CONTROL NUMBER IDENTIFIER

  • control field: BD-RjUL

005 - DATE AND TIME OF LATEST TRANSACTION

  • control field: 20250916103735.0

008 - FIXED-LENGTH DATA ELEMENTS

  • fixed length control field: 250916|| aca||aabn | a|a d

040 ## - CATALOGING SOURCE

  • Original cataloging agency: BD-RjUL
  • Transcribing agency: BD-RjUL

130 ## - HEADING--UNIFORM TITLE

  • Uniform title: Directions in development (Washington, D.C.)

670 ## - SOURCE DATA FOUND

  • Source citation: Work cat.: (BD-RjUL)85720: Reforming China's rural health system /, c2009.